Statistics for Biggest Cities in Kenya

Click here to take the quiz!

General Stats

  • This quiz has been taken 179 times
  • The average score is 5 of 15

Answer Stats

PopulationCity% Correct
3,375,292Nairobi
100%
1,520,180Mombasa
96%
410,117Eldoret
55%
620,583Kisumu
54%
550,146Nakuru
48%
207,253Malindi
36%
139,853Thika
33%
238,858Ruiru
28%
181,966Naivasha
19%
233,231Kikuyu
18%
139,380Athi River
13%
150,041Machakos
10%
256,086Kehancha
9%
155,896Kitui
9%
218,557Kangundo-Tala
6%

Score Distribution

Percentile by Number Answered

Percent of People with Each Score

Your Score History

You have not taken this quiz